Szegedi Szabadtéri Játékok 1964
Elmentve itt :
| Dokumentumtípus: | Cikk |
|---|---|
| Megjelent: |
1964-07-19
|
| Sorozat: | Délmagyarország
54 No. 168 |
| Kulcsszavak: | Szabadtéri Játékok, Szabadtéri Játékok Szeged 1964 |
| Online Access: | http://dmarchiv.bibl.u-szeged.hu/77924 |
| LEADER | 00446nab a2200145 i 4500 | ||
|---|---|---|---|
| 001 | delm77924 | ||
| 005 | 20180928084332.0 | ||
| 008 | 180928s1964 hu o 0|| hun d | ||
| 040 | |a SZTE Délmagyarország Archívum |b hun | ||
| 041 | |a hun | ||
| 245 | 0 | 0 | |a Szegedi Szabadtéri Játékok 1964 |h [elektronikus dokumentum] |
| 260 | |c 1964-07-19 | ||
| 300 | |a 9 | ||
| 490 | 0 | |a Délmagyarország |v 54 No. 168 | |
| 695 | |a Szabadtéri Játékok, Szabadtéri Játékok Szeged 1964 | ||